000 00603nam a2200229Ia 4500
003 OSt
005 20220918105413.0
006 a|||||r|||| 00| 0
007 ta
008 220915b |||||||| |||| 00| 0 per d
024 _a89,547
037 _cReference Collections
040 _aARTS
_cARTS
_bper
041 _2per
_aper
082 _aO168,4L97x, 164P8
100 _aRohila
_91148
245 0 _aKulliyat-e-maktubat farsi Ghalib
260 _c2008
650 _aURDU POETRY
_91149
942 _hO168,4L97x, 164P8
_cREF
999 _c106796
_d106796